| 000 | 01041nam2a22002651 4500 | ||
|---|---|---|---|
| 001 | RU\NLR\INFOCOMM55\5000159911 | ||
| 005 | 20250617120343.0 | ||
| 035 | _a(NLR Aleph) 002588482 | ||
| 090 |
_a3339556 _c3339556 |
||
| 100 | _a20041020d1977 |||y0rusy50 ca | ||
| 101 | 0 |
_arus _aeng |
|
| 102 | _aRU | ||
| 105 | _ay ||||000|y | ||
| 200 | 1 |
_aОб одном алгоритме выделения стримеров и просветов у стримерных треков в задаче идентификации частиц по плотности ионизации _fК.П. Гласнек, Г.М. Кадыков |
|
| 210 |
_d1977 _aБ. м. |
||
| 461 | 0 |
_1001RU\NLR\INFOCOMM15\1000176112 _12001#$aИздания$fОбъедин. ин-т ядерных исследований$v10-10923 |
|
| 700 | 1 |
_aГласнек _bК.П. _4070 |
|
| 701 | 1 |
_aКадыков _bГ.М. _4070 |
|
| 801 | 1 |
_aRU _bInfoComm _c20050113 |
|
| 801 | 0 |
_aRU _bNLR _gPSBO |
|
| 852 |
_aNLR _jП11/2061 |
||
| 942 | _cISSUE | ||
| 980 | _aNB | ||
| 980 | _aRUSPER | ||